| 000 | 01199nam a2200373 a 4500 | ||
|---|---|---|---|
| 001 | vtls000028101 | ||
| 003 | NLI | ||
| 005 | 20210601183103.0 | ||
| 008 | 101125s1978 enka f 001 0 eng | ||
| 020 |
_a0571102182 _c£ 10.00 |
||
| 039 | 9 |
_y201011250230 _zVLOAD |
|
| 040 | 0 |
_aNLI _beng _cVERGIS-2003 |
|
| 041 | 0 | _aeng | |
| 044 | _aenk | ||
| 082 | 0 | 4 | _a738.12 |
| 100 | 1 |
_aGreen, David _985637 |
|
| 245 | 1 | 2 |
_aA Handbook of pottery Glazes/ _cDavid Green |
| 260 |
_aLondon: _bFaber and Faber, _cc1978 |
||
| 300 |
_a277 p.: _bill.; _c24 cm. |
||
| 504 | _aIncludes bibliographical references and index | ||
| 650 | 0 |
_aGlazes _vHandbooks, manuals, etc. _985638 |
|
| 650 | 0 |
_aPottery _vHandbooks, manuals, etc. _985639 |
|
| 650 | 0 |
_aCeramics _vHandbooks, manuals, etc. _985640 |
|
| 887 | _aS.Muthiah | ||
| 901 |
_a453612 _b21/09/1979 |
||
| 902 | _aE 738.12 G 821 | ||
| 903 | _a25/03/2004 | ||
| 904 | _aS.Muthiah | ||
| 906 | _a028947 | ||
| 949 |
_AVIRTUAITEM _D10000 _F1 _X100 _6PUR000453612ENG _aE 738.12 G821 |
||
| 942 |
_2ddc _cBKS |
||
| 999 |
_aVIRTUA _c32016 _d32016 |
||
| 999 | _aVTLSSORT0080*0200*0400*0410*0440*0820*1000*2450*2600*3000*5040*6500*6501*6502*8520*9010*9020*9030*9040*9060*9490*9991 | ||